Normal view
MARC view
- Taxing power
Entry Topical Term
001 - CONTROL NUMBER
- control field: 103167
003 - CONTROL NUMBER IDENTIFIER
- control field: NUST
005 - DATE AND TIME OF LATEST TRANSACTION
- control field: 20221120113810.0
008 - FIXED-LENGTH DATA ELEMENTS
- fixed length control field: 221120|| aca||aabn | a|a d
040 ## - CATALOGING SOURCE
- Original cataloging agency: NUST
- Transcribing agency: NUST
150 ## - HEADING--TOPICAL TERM
- Topical term or geographic name entry element: Taxing power
- Geographic subdivision: United States
670 ## - SOURCE DATA FOUND
- Source citation: Work cat.: (NUST)0: Politics, taxation, and the rule of law :, c2002.
